00236nam a2200097 a 450000500170000000800410001705000220005810000180008024500270009865000130012520140414132056.0100520s19uu xx 00 eng d aM 793.2bW24 1999 aWarner, Penny aBaby birthday parties. aBirthday